Campeões da Major League Soccer - Statistics

Estatísticas Gerais
  • Esse quiz foi jogado 32 vezes
    22 desde o último reset
  • A pontuação média é 16 de 27
Estatísticas das Respostas
Temporada Campeão % Correto
2022 Los Angeles FC
85%
2021 New York City
80%
2002 Los Angeles Galaxy
75%
2005 Los Angeles Galaxy
75%
2011 Los Angeles Galaxy
75%
2012 Los Angeles Galaxy
75%
2014 Los Angeles Galaxy
75%
2016 Seattle Sounders
75%
2019 Seattle Sounders
75%
2017 Toronto
75%
1998 Chicago Fire
70%
1996 D.C. United
60%
1997 D.C. United
60%
1999 D.C. United
60%
2004 D.C. United
60%
2018 Atlanta United
55%
2006 Houston Dynamo
55%
2007 Houston Dynamo
55%
2015 Portland Timbers
55%
2008 Columbus Crew
50%
2020 Columbus Crew
50%
2010 Colorado Rapids
45%
2001 San José Earthquakes
40%
2003 San José Earthquakes
40%
2009 Real Salt Lake
35%
2013 Sporting Kansas City
35%
2000 Kansas City Wizards
30%
Nenhum quiz correspondente encontrado
Distribuição das Pontuações
Porcentagem de Pessoas com Cada Pontuação
Percentil de Números Respondidos
Sua Pontuação Histórica
Você não jogou esse quiz desde o último reset